000 00440nam a2200169 i 4500
001 bg
100 0 _aAristoteles
_d(384-322 a.C.).
245 0 _aZagadnienia przyrodnicze /
_cArystoteles.
260 _aWarszawa,
_c1980.
490 1 _aBiblioteka Klasyków Filozofii
830 _aBiblioteka Klasyków Filozofii
040 _cBPK
041 _apol
080 _a1A/Z:113/119
942 _cKS
008 s pl f |000 0 pol
999 _c21576
_d21576
856 _uhttp://koha.tu.koszalin.pl/cgi-bin/koha/opac-detail.pl?biblionumber=21576
_yKatalog online BPK